| 000 | 00418cam a2200181ua 4500 | ||
|---|---|---|---|
| 020 | _c7.50 | ||
| 041 |
_ahin _h |
||
| 082 |
_a891.54 _bPRE/VI |
||
| 100 | _aPremchand, . | ||
| 245 |
_aVividh prasangh / _cPremchand. _hTextual Documents |
||
| 250 |
_a1 / _b. |
||
| 260 |
_aIlahabad : _bHans Prakashan , _c1962. |
||
| 300 | _a269 ; . | ||
| 365 | _a7.50 | ||
| 504 | _a | ||
| 942 | _cBK | ||
| 999 |
_c8425 _d8425 |
||